Spotlight on Poland (Record no. 106640)

MARC details
000 -LEADER
fixed length control field 01145cam a2200193 4500
001 - CONTROL NUMBER
control field L137107
008 - FIXED-LENGTH DATA ELEMENTS--GENERAL INFORMATION
fixed length control field 070314s2006 xxkbd f 000 0 eng d
035 ## - SYSTEM CONTROL NUMBER
System control number (Sirsi) u137107
041 0# - LANGUAGE CODE
Language code of text/sound track or separate title eng
050 04 - LIBRARY OF CONGRESS CALL NUMBER
Classification number 630 $2 18
110 2# - MAIN ENTRY--CORPORATE NAME
Corporate name or jurisdiction name as entry element Royal Institution of Chartered Surveyors
Subordinate unit Land Consultancy Group
9 (RLIN) 4506
245 00 - TITLE STATEMENT
Title Spotlight on Poland
Remainder of title land group market report on eastern Europe
260 ## - PUBLICATION, DISTRIBUTION, ETC.
Place of publication, distribution, etc. London
Name of publisher, distributor, etc. RICS
Date of publication, distribution, etc. 2006
300 ## - PHYSICAL DESCRIPTION
Extent 16p.
Other physical details ill.
Dimensions 30cm.
520 ## - SUMMARY, ETC.
Summary, etc. Recommends ways to develop the presence of the RICS Land Group in Poland. Describes the situation and economy in Poland. Concludes that RICS opportunities do not occur in Poland as they do in the UK. Land management, are still recovering from the communist era. Suggests that RICS may find better opportunities by offering cross-faculty skills. Identifies a cross-faculty role to play in making land information more available to all levels of government and commercial decision making. Recommends that RICS engages to encourage improvement of land management and environmental concerns.
651 #4 - SUBJECT ADDED ENTRY--GEOGRAPHIC NAME
Geographic name POLAND
690 ## - LOCAL SUBJECT ADDED ENTRY--TOPICAL TERM (OCLC, RLIN)
Topical term or geographic name as entry element ENVIRONMENTAL AND LAND CONSULTANCY
942 ## - ADDED ENTRY ELEMENTS (KOHA)
Suppress in OPAC 0
Source of classification or shelving scheme Dewey Decimal Classification
Holdings
Withdrawn status Lost status Source of classification or shelving scheme Damaged status Not for loan Home library Current library Shelving location Date acquired Total Checkouts Full call number Barcode Date last seen Copy number Price effective from Koha item type
    Dewey Decimal Classification     London London RICS Boxes 27/04/2007   RICS 2006/56 30071649 06/08/2019 1 06/08/2019 Archive
    Dewey Decimal Classification     London London RICS Boxes 27/04/2007   RICS 2006/56 30071650 06/08/2019 2 06/08/2019 Reference material
    Dewey Decimal Classification     London London RICS Boxes 27/04/2007   RICS 2006/56 30071651 06/08/2019 3 06/08/2019 Book